Nechat padnout nebo zachránit?
Názory týkajúce sa systémovo významných finančných inštitúcií uverejnených v zborníku EUBA 2010 - konferencia FOR FIN. Problémy regulácie a supervízie veľkých bánk a finančných inštitúcií. Nové princípy regulácie a dohľad nad finančnými inšitúciami.
Saved in:
| Main Author: | |
|---|---|
| Format: | Book Chapter |
| Language: | Czech |
| Subjects: | |
| Tags: |
No Tags, Be the first to tag this record!
|
MARC
| LEADER | 00000nla$a2200000$$$4500 | ||
|---|---|---|---|
| 001 | 0127751 | ||
| 005 | 20240111122816.1 | ||
| 041 | 0 | |a cze | |
| 044 | |a SK | ||
| 245 | 1 | 0 | |a Nechat padnout nebo zachránit? |c Vladislav Pavlát |
| 520 | |a Názory týkajúce sa systémovo významných finančných inštitúcií uverejnených v zborníku EUBA 2010 - konferencia FOR FIN. Problémy regulácie a supervízie veľkých bánk a finančných inštitúcií. Nové princípy regulácie a dohľad nad finančnými inšitúciami. | ||
| 610 | 2 | 0 | |a banky |
| 610 | 2 | 0 | |a inštitúcie finančné |
| 610 | 2 | 0 | |a riziko bankové |
| 610 | 2 | 0 | |a investície |
| 610 | 2 | 0 | |a globalizácia |
| 610 | 2 | 0 | |a dohľad bankový |
| 610 | 2 | 0 | |a politika menová |
| 610 | 2 | 0 | |a regulácia |
| 100 | 1 | |a Pavlát, Vladislav | |